Democracia y sociología: reflexiones en torno a las posibilidades del quehacer sociológico en la sociedad costarricense /

Salvato in:
Dettagli Bibliografici
Autore principale: Chinchilla, José Carlos
Altri autori: Pichardo Muñiz, Arlette
Natura: testo
Tags: Aggiungi Tag
Nessun Tag, puoi essere il primo ad aggiungerne!!

MARC

LEADER 00000 a a2200000 04500
001 105
003
040
100 |a Chinchilla, José Carlos  
245 |a Democracia y sociología:   |b reflexiones en torno a las posibilidades del quehacer sociológico en la sociedad costarricense /  |c Chinchilla, José Carlos  
700 |a Pichardo Muñiz, Arlette  
773 |g número 9 -10; páginas 175-185  
999 |c 35670  |d 35670 
773 0 |0 18806  |9 2167  |a Universidad Nacional de Costa Rica  |d Heredia: C.R.: EUNA  |o 02267  |t ABRA  |x 14093928